| 000 | 00845cam a22002537 4500 | ||
|---|---|---|---|
| 001 | a4614684 | ||
| 003 | CO-ViMGA | ||
| 005 | 20230915234538.0 | ||
| 008 | 091015s2009 sp a | |||| 000 1 spa | ||
| 020 | _a9788466740098 | ||
| 040 |
_aCO-ViMGA _bspa _cCO-ViMGA |
||
| 041 | 1 | _hdan | |
| 082 | 0 | 4 |
_a839.81364 _bA53s |
| 100 | 1 |
_aAndersen, Hans Christian _d1805-1875 _93039 |
|
| 243 | 1 | 0 |
_aCuentos _lEspañol |
| 245 | 1 | 3 |
_aLa sirenita y otros cuentos / _h[Texto impreso] _cHans Christian Andersen ; prólogo, Gustavo Martín Garzo ; traducción, Enrique Bernárdez ; ilustraciones, Elena Odriozola |
| 250 | _a2® ed. | ||
| 260 |
_aMadrid : _bAnaya, _c2009. |
||
| 300 |
_a317 p. _bil. col. _c25 cm. |
||
| 490 | 0 |
_aCuentos completos _v1 |
|
| 700 | 1 |
_aBernárdez, Enrique _d1949- _99552 |
|
| 700 | 1 |
_aOdriozola, Elena _d1967- _99554 |
|
| 942 |
_2ddc _cBK |
||
| 999 |
_c37968 _d37968 |
||